| 000 | 00436cam a2200181ua 4500 | ||
|---|---|---|---|
| 020 | _cRs 1.25 | ||
| 041 |
_amal _h |
||
| 082 |
_a894.812 308 _bPAN/SW |
||
| 100 | _aPankunni, Nair . | ||
| 245 |
_aSwarnaprakasham / _cPankunni Nair. _hTextual Documents |
||
| 250 |
_a1 / _b. |
||
| 260 |
_aKonni : _bVenus Press & Book Depot,. |
||
| 300 | _a128 ; . | ||
| 365 | _aRs 1.25 | ||
| 504 | _a | ||
| 942 | _cBK | ||
| 999 |
_c4103 _d4103 |
||